000 00545nam a22002297a 4500
003 UA-OsUOA
001 62921
007 ta
008 20090914b un ||||| |||| 00| 0 ukr d
100 _aАстряб О. М.
090 _a514
_bА91
942 _cBK
040 _aUA-OsUOA
_bukr
_cUA-OsUOA
_dUA-OsUOA
245 _aНаочна геометрія для 4 - 5 класів
300 _a116 с.
955 _a2
041 _aukr
080 _a514
260 _aК.
_c1953
650 7 _a514 Геометрія
_2UDC
999 _c348848
_d348848